Polymer processing : principles and design /

This book is about: Process design; Polymeric fluids; Diffusion and mass transfer...

שמור ב:
מידע ביבליוגרפי
מחבר ראשי: Baird, Donald G.
מחברים אחרים: Collias, Dimitris I.
פורמט: ספר
שפה:English
יצא לאור: New York : John Wiley and Sons, 1998.
נושאים:
תגים: הוספת תג
אין תגיות, היה/י הראשונ/ה לתייג את הרשומה!
Thư viện lưu trữ: Mạng thư viện Đại học Đà Nẵng
LEADER 00998cam a2200349 i 4500
001 000047559
003 7246
005 20030402154033.0
008 010326|1998 vm 000 eng
020 |a 0471254533 
040 |a IRC  |c IRC  |d IRC 
041 0 |a eng 
082 1 4 |a 668.423  |b BA-D 
100 1 |a Baird, Donald G. 
245 0 0 |a Polymer processing :  |b principles and design /  |c Donald G. Baird, Dimitris I. Collias. 
260 |a New York :  |b John Wiley and Sons,  |c 1998. 
300 |a viii, 346 p. :  |b ill. ;  |c 28cm. 
520 3 |a This book is about: Process design; Polymeric fluids; Diffusion and mass transfer... 
630 0 4 |a Thermoplastics. 
630 0 4 |a Polymer processing. 
650 0 4 |a Thermoplastics. 
700 1 |a Collias, Dimitris I. 
OWN |a DUT 
999 |a From the UDN01 
TYP |a Monograph 
TYP |a Printed language 
980 |a Mạng thư viện Đại học Đà Nẵng